| 000 | 00866nam a22002297a 4500 | ||
|---|---|---|---|
| 005 | 20100812124710.0 | ||
| 010 | _aENG-99982 | ||
| 020 |
_a9788176258944 _c575.00 |
||
| 035 | _aEN-83514 | ||
| 037 | _bDBAD/PUB | ||
| 082 | _a305.897 | ||
| 100 |
_aTripathy, Jyotirmaya _911685 |
||
| 245 |
_aThe resisting Indian : _bnative american experience through postcolonial lenses / _cby Jyotirmaya Tripathy |
||
| 260 |
_aNew Delhi _bSarup Book Publishers _c2008 |
||
| 270 |
_a4740/23, Ansari Road, Darya Ganj _bNew Delhi _e110002 |
||
| 300 |
_axiii,204p. _c22cm (Hb) |
||
| 500 | _aIncludes index | ||
| 650 |
_aIndians of norms America _911686 |
||
| 650 |
_aLiterature _911687 |
||
| 942 |
_2ddc _cEN _h305.897 _mTRI |
||
| 999 |
_c41318 _d41318 |
||